000
00211nam a2200109Ia 4500
100
_a
#N/A
942
_c
BK
654
_a
six sigma
245
_a
Six Sigma for the Small Shop
260
_b
#N/A
546
_a
ENGLISH
999
_c
21698
_d
21698